Reality a zlato - alternatívne zdroje investovania
Špecifiká a dôvody investovania na realitnom trhu. Realitné fondy. "Zlatý ošiaľ" pre investorov. Obmedzené množstvo zlata. Najväčší producenti. Produkcia zlata v roku 2007. Vývoj ceny zlata.
Na minha lista:
| Autor principal: | |
|---|---|
| Outros Autores: | |
| Formato: | Capítulo de Livro |
| Idioma: | eslovaco |
| Assuntos: | |
| Tags: |
Sem tags, seja o primeiro a adicionar uma tag!
|
MARC
| LEADER | 00000naa$a2200000$$$4500 | ||
|---|---|---|---|
| 001 | 0080973 | ||
| 005 | 20240502071919.6 | ||
| 041 | 0 | |a slo | |
| 044 | |a SK | ||
| 245 | 1 | 0 | |a Reality a zlato - alternatívne zdroje investovania |c Božena Chovancová, Valér Demjan |
| 520 | |a Špecifiká a dôvody investovania na realitnom trhu. Realitné fondy. "Zlatý ošiaľ" pre investorov. Obmedzené množstvo zlata. Najväčší producenti. Produkcia zlata v roku 2007. Vývoj ceny zlata. | ||
| 610 | 2 | 0 | |a investície |
| 610 | 2 | 0 | |a investovanie |
| 610 | 2 | 0 | |a investori |
| 610 | 2 | 0 | |a nehnuteľnosti |
| 610 | 2 | 0 | |a fondy investičné |
| 610 | 2 | 0 | |a zlato |
| 610 | 2 | 0 | |a ceny |
| 610 | 2 | 0 | |a svet |
| 100 | 1 | |a Chovancová, Božena | |
| 700 | 1 | |a Demjan, Valér | |